[Event "URS-ch47"]
[Site "Minsk"]
[Date "1979.12.??"]
[Round "6"]
[White "Kasparov, Garry"]
[Black "Romanishin, Oleg M"]
[Result "1/2-1/2"]
[WhiteElo "2545"]
[BlackElo "2560"]
[PlyCount "90"]
[EventDate "1979.11.29"]
[Source "ChessBase"]

1. d4 Nf6 2. c4 e6 3. Nc3 Bb4 4. e3 c5 5. Nge2 b6 6. a3 Ba5 7. Rb1 Na6 8. Bd2
O-O 9. d5 d6 10. Nf4 Bxc3 11. Bxc3 e5 12. Ne2 Ne4 13. f3 Nxc3 14. Nxc3 Nc7 15.
Qd2 f5 16. f4 Bd7 17. Be2 exf4 18. exf4 Qh4+ 19. g3 Qh3 20. Kf2 Ne8 21. Bf1 Qh6
22. Kg2 Nf6 23. Bd3 Rae8 24. Rhe1 Qh5 25. Rxe8 Rxe8 26. Re1 Kf8 27. b4 a6 28.
bxc5 bxc5 29. Rxe8+ Qxe8 30. Nd1 Qb8 31. Qc3 Kf7 32. Ne3 g6 33. Nd1 Ba4 34. Nf2
Qb6 35. h3 Bd7 36. Kf3 Qd8 37. g4 Qc8 38. g5 Nh5 39. Qb2 Ke7 40. Bc2 Qd8 41.
Qc3 Kf7 42. Nd1 Qf8 43. Qa5 Ke7 44. Qe1+ Kd8 45. Qa5+ Ke7 1/2-1/2

[Event "URS-ch47"]
[Site "Minsk"]
[Date "1979.12.??"]
[Round "10"]
[White "Kasparov, Garry"]
[Black "Lerner, Konstantin Z"]
[Result "0-1"]
[WhiteElo "2545"]
[BlackElo "2475"]
[PlyCount "90"]
[EventDate "1979.11.29"]
[Source "ChessBase"]

1. d4 Nf6 2. c4 e6 3. Nc3 Bb4 4. e3 O-O 5. Nge2 d5 6. a3 Be7 7. cxd5 exd5 8. g3
a5 9. Bg2 Re8 10. O-O c6 11. h3 Bd6 12. g4 h6 13. f4 Na6 14. Ng3 b5 15. Qf3 b4
16. axb4 axb4 17. Nce2 Ne4 18. Nxe4 dxe4 19. Qf2 g6 20. Ng3 f5 21. b3 Be7 22.
gxf5 gxf5 23. Qe2 Rf8 24. Qh5 Qe8 25. Qxh6 Rf6 26. Qh5 Qxh5 27. Nxh5 Rg6 28.
Kh2 Be6 29. Bd2 Kh7 30. Rg1 Kh6 31. Ng3 Rgg8 32. Ra5 c5 33. Rga1 Nc7 34. dxc5
Rad8 35. Bxb4 Rd3 36. Be1 Rxe3 37. Ra6 Nxa6 38. Rxa6 Rg6 39. Bf2 Rxb3 40. Bxe4
fxe4 41. f5 Rbxg3 42. Bxg3 Bxf5 43. c6 Kg5 44. Ra7 Bc5 45. Rc7 Bb6 0-1

[Event "Baku"]
[Site "Baku"]
[Date "1980.??.??"]
[Round "1"]
[White "Kasparov, Garry"]
[Black "Csom, Istvan"]
[Result "1-0"]
[WhiteElo "2595"]
[BlackElo "2510"]
[PlyCount "57"]
[EventDate "1980.??.??"]
[Source "ChessBase"]
[SourceDate "1999.11.16"]

1. d4 Nf6 2. c4 e6 3. Nc3 Bb4 4. e3 c5 5. Nge2 cxd4 6. exd4 O-O 7. a3 Be7 8. d5
exd5 9. cxd5 Re8 10. g3 Bc5 11. Bg2 d6 12. h3 Bf5 13. O-O Nbd7 14. g4 Be4 15.
Ng3 Bxg2 16. Kxg2 Nf8 17. g5 N6d7 18. h4 Ne5 19. h5 f6 20. Nce4 fxg5 21. Bxg5
Qb6 22. h6 Nf7 23. hxg7 Nd7 24. Nf6+ Nxf6 25. Bxf6 Qb5 26. Rh1 Bb6 27. Qf3 Ne5
28. Nf5 Nf7 29. Rxh7 1-0

[Event "Baku"]
[Site "Baku"]
[Date "1980.??.??"]
[Round "9"]
[White "Kasparov, Garry"]
[Black "Lechtynsky, Jiri"]
[Result "1/2-1/2"]
[WhiteElo "2595"]
[BlackElo "2450"]
[PlyCount "57"]
[EventDate "1980.??.??"]
[Source "ChessBase"]
[SourceDate "1999.11.16"]

1. d4 Nf6 2. c4 e6 3. Nc3 Bb4 4. e3 O-O 5. Nge2 d5 6. a3 Be7 7. cxd5 exd5 8. g3
c6 9. Bg2 Bd6 10. O-O Re8 11. Qc2 Nbd7 12. b4 Nf8 13. f3 a5 14. Rb1 axb4 15.
axb4 Ne6 16. e4 Qb6 17. Na4 Rxa4 18. Qxa4 dxe4 19. Kh1 exf3 20. Bxf3 Nxd4 21.
Nxd4 Qxd4 22. Bb2 Qc4 23. Bxf6 gxf6 24. Bg2 Kg7 25. Qd1 Be5 26. b5 Bg4 27. Qd2
cxb5 28. Rb4 Qe2 29. Rf2 1/2-1/2

[Event "Moscow"]
[Site "Moscow"]
[Date "1981.04.??"]
[Round "6"]
[White "Kasparov, Garry"]
[Black "Andersson, Ulf"]
[Result "1/2-1/2"]
[WhiteElo "2625"]
[BlackElo "2610"]
[PlyCount "166"]
[EventDate "1981.04.08"]
[Source "ChessBase"]
[WhiteTeamCountry "URS"]
[BlackTeamCountry "URS"]

1. d4 Nf6 2. c4 e6 3. Nc3 Bb4 4. e3 c5 5. Nge2 cxd4 6. exd4 O-O 7. a3 Be7 8. d5
exd5 9. cxd5 Re8 10. Be3 d6 11. h3 Nbd7 12. Ng3 Bf8 13. Be2 Rxe3 14. fxe3 g6
15. O-O Qe7 16. Qd4 Bg7 17. Qf4 Ne8 18. Rac1 Be5 19. Qf2 Ndf6 20. Bd3 h5 21.
Nge2 Nh7 22. Nf4 Nf8 23. Nb5 a6 24. Nd4 Bd7 25. Rc2 Bg7 26. Qg3 Rb8 27. Re2 Nf6
28. Nf3 Be8 29. e4 N6d7 30. Rc2 Ne5 31. Nxe5 Bxe5 32. Qf2 Nd7 33. b4 Qd8 34.
Be2 Bg7 35. Nd3 Ne5 36. Nxe5 Bxe5 37. Rfc1 Kg7 38. Rc7 Qg5 39. R1c2 h4 40. Bg4
Kh6 41. Kh1 b6 42. Ra7 Bg3 43. Qd2 Bf4 44. Qd4 Be5 45. Qg1 a5 46. Qc1 Bf4 47.
Qa1 Be5 48. Qg1 axb4 49. axb4 Bf4 50. Qa1 Be5 51. Qa3 Kg7 52. Rf2 Bf6 53. Qd3
Qe5 54. Be6 Kg8 55. Qf3 Kg7 56. Qf4 Qd4 57. Rf1 b5 58. Bg4 Rd8 59. Rc7 Qb2 60.
Rc2 Qd4 61. Rd2 Qe5 62. Qxe5 Bxe5 63. Rc2 Bd7 64. Be2 f5 65. Rc7 Kh6 66. Bd3
fxe4 67. Bxe4 Kg5 68. Bd3 Bd4 69. Rb7 Bc3 70. Bxb5 Bf5 71. Be2 Ra8 72. b5 Ra2
73. Bf3 Rb2 74. Rb8 Bd4 75. Rd1 Bc5 76. Kh2 Be3 77. Re1 Bf2 78. Rf1 Bc5 79. Re8
Bd4 80. Rd1 Bf2 81. Be2 Bd7 82. Re4 Bf5 83. Re8 Bd7 1/2-1/2

[Event "Brussels"]
[Site "Brussels"]
[Date "1987.04.10"]
[Round "1"]
[White "Meulders, Richard"]
[Black "Kasparov, Garry"]
[Result "0-1"]
[WhiteElo "2360"]
[BlackElo "2735"]
[PlyCount "124"]
[EventDate "1987.04.10"]
[Source "ChessBase"]
[WhiteTeamCountry "URS"]
[BlackTeamCountry "URS"]

1. d4 Nf6 2. c4 e6 3. Nc3 Bb4 4. e3 c5 5. Bd3 Nc6 6. Nge2 cxd4 7. exd4 d5 8.
O-O dxc4 9. Bxc4 O-O 10. a3 Bd6 11. Qd3 e5 12. d5 e4 13. Nxe4 Ne5 14. Qd4 Nxe4
15. Qxe4 Bg4 16. f4 Nxc4 17. Qxc4 Rc8 18. Qd3 Re8 19. Nc3 Qf6 20. Bd2 h5 21.
Rae1 Bf5 22. Qf3 Bc5+ 23. Kh1 Qd4 24. Qd1 b5 25. Rxe8+ Rxe8 26. Re1 Rxe1+ 27.
Qxe1 Bd3 28. h3 a5 29. Kh2 Kf8 30. Nd1 Bd6 31. Kh1 Qxd5 32. Bxa5 Bxf4 33. Bd2
Bc7 34. Bb4+ Kg8 35. Qe8+ Kh7 36. Nf2 Bg6 37. Qe3 Qc4 38. Kg1 Bf4 39. Qe1 f6
40. Bc3 Bb8 41. Qe3 Bd6 42. Qd4 Qc6 43. Kf1 Bc5 44. Qd2 Bb6 45. Qe2 Qd5 46. Qd2
Qc4+ 47. Qe2 Qf4 48. Bd2 Qf5 49. Bc3 Bf7 50. Qf3 Qb1+ 51. Nd1 Bc7 52. Ke1 h4
53. Kd2 Bg6 54. Bd4 Qe4 55. Qxe4 Bxe4 56. Nc3 Bxg2 57. Nxb5 Bh2 58. Bf2 g5 59.
Nd4 Kg6 60. b4 Bxh3 61. b5 Bg2 62. a4 h3 0-1

[Event "Murcia m"]
[Site "Murcia"]
[Date "1990.??.??"]
[Round "6"]
[White "Kasparov, Garry"]
[Black "Psakhis, Lev"]
[Result "1-0"]
[WhiteElo "2800"]
[BlackElo "2575"]
[PlyCount "71"]
[EventDate "1990.??.??"]
[Source "ChessBase"]
[WhiteTeamCountry "URS"]
[BlackTeamCountry "URS"]

1. d4 Nf6 2. c4 e6 3. Nc3 Bb4 4. e3 c5 5. Nge2 d5 6. a3 Bxc3+ 7. Nxc3 cxd4 8.
exd4 dxc4 9. Bxc4 Nc6 10. Be3 O-O 11. O-O b6 12. Qf3 Bb7 13. Bd3 Rc8 14. Rad1
Rc7 15. Qh3 Ne7 16. Bg5 Ng6 17. Qg3 Rd7 18. d5 exd5 19. Bf5 Re7 20. h4 Qc7 21.
Qxc7 Rxc7 22. Rfe1 Re7 23. Nb5 Rfe8 24. Rxe7 Nxe7 25. Bh3 Bc8 26. Bxc8 Rxc8 27.
Nxa7 Rc2 28. b4 Kf8 29. Be3 Nf5 30. Bxb6 Ng4 31. Bc5+ Ke8 32. Nb5 Ra2 33. Nc3
Rxa3 34. Nxd5 f6 35. b5 Rb3 36. b6 1-0

[Event "Linares 8th"]
[Site "Linares"]
[Date "1990.??.??"]
[Round "1"]
[White "Gelfand, Boris"]
[Black "Kasparov, Garry"]
[Result "1/2-1/2"]
[WhiteElo "2615"]
[BlackElo "2800"]
[PlyCount "89"]
[EventDate "1990.02.??"]
[Source "ChessBase"]
[WhiteTeamCountry "URS"]
[BlackTeamCountry "URS"]

1. d4 Nf6 2. c4 g6 3. Nc3 Bg7 4. e4 d6 5. Be2 O-O 6. Nf3 e5 7. O-O Nc6 8. d5
Ne7 9. Ne1 Nd7 10. Nd3 f5 11. Bd2 Kh8 12. Rc1 Nf6 13. f3 c5 14. g4 a6 15. Nf2
h6 16. h4 fxg4 17. fxg4 Neg8 18. Kg2 Nh7 19. Rh1 Bf6 20. g5 hxg5 21. h5 Qe8 22.
b4 cxb4 23. Na4 Bd8 24. Bxb4 Bd7 25. hxg6 Qxg6 26. c5 g4 27. c6 g3 28. Nd3 bxc6
29. dxc6 Rc8 30. Bf3 Rxf3 31. Qxf3 Bg4 32. Qxg3 Qxe4+ 33. Kg1 Ngf6 34. Bxd6
Qd4+ 35. Nf2 Qxd6 36. Nxg4 Qd4+ 37. Nf2 Qxa4 38. Qxe5 Rc7 39. Rh2 Rg7+ 40. Rg2
Bc7 41. Qf5 Qxa2 42. Qc8+ Qg8 43. Qxg8+ Kxg8 44. Rxg7+ Kxg7 45. Nd3 1/2-1/2

[Event "Linares 9th"]
[Site "Linares"]
[Date "1991.??.??"]
[Round "1"]
[White "Ivanchuk, Vassily"]
[Black "Kasparov, Garry"]
[Result "1-0"]
[WhiteElo "2695"]
[BlackElo "2800"]
[PlyCount "75"]
[EventDate "1991.02.??"]
[Source "ChessBase"]
[WhiteTeamCountry "URS"]
[BlackTeamCountry "URS"]

1. e4 c5 2. Nf3 d6 3. Bb5+ Nd7 4. d4 Ngf6 5. O-O cxd4 6. Qxd4 a6 7. Bxd7+ Bxd7
8. Bg5 h6 9. Bxf6 gxf6 10. c4 e6 11. Nc3 Rc8 12. Kh1 h5 13. a4 h4 14. h3 Be7
15. b4 a5 16. b5 Qc7 17. Nd2 Qc5 18. Qd3 Rg8 19. Rae1 Qg5 20. Rg1 Qf4 21. Ref1
b6 22. Ne2 Qh6 23. c5 Rxc5 24. Nc4 Kf8 25. Nxb6 Be8 26. f4 f5 27. exf5 Rxf5 28.
Rc1 Kg7 29. g4 Rc5 30. Rxc5 dxc5 31. Nc8 Bf8 32. Qd8 Qg6 33. f5 Qh6 34. g5 Qh5
35. Rg4 exf5 36. Nf4 Qh8 37. Qf6+ Kh7 38. Rxh4+ 1-0

[Event "Linares 10th"]
[Site "Linares"]
[Date "1992.??.??"]
[Round "3"]
[White "Ivanchuk, Vassily"]
[Black "Kasparov, Garry"]
[Result "1/2-1/2"]
[WhiteElo "2720"]
[BlackElo "2780"]
[PlyCount "81"]
[EventDate "1992.02.??"]
[Source "ChessBase"]
[WhiteTeamCountry "URS"]
[BlackTeamCountry "URS"]

1. d4 Nf6 2. c4 g6 3. Nc3 Bg7 4. e4 d6 5. Nf3 O-O 6. Be2 e5 7. O-O Nc6 8. d5
Ne7 9. Nd2 a5 10. a3 Nd7 11. Rb1 f5 12. b4 Kh8 13. f3 Ng8 14. Qc2 Ngf6 15. Bd3
f4 16. Nb5 b6 17. c5 dxc5 18. bxa5 Rxa5 19. Nc4 Ra8 20. a4 Ne8 21. a5 Ba6 22.
Bd2 Bxb5 23. Rxb5 Nd6 24. Rb2 Qe7 25. Nxd6 Qxd6 26. Bb5 bxa5 27. Bc6 Rab8 28.
Ra2 Rf7 29. Rxa5 Bf8 30. Bc1 g5 31. Bb2 Qf6 32. Bxd7 Rxd7 33. Rfa1 Bd6 34. Ba3
g4 35. Bxc5 Rg8 36. Ra8 Rdg7 37. Kh1 Qg6 38. Bxd6 cxd6 39. Rc8 gxf3 40. Rxg8+
Rxg8 41. gxf3 1/2-1/2

[Event "Manila ol (Men)"]
[Site "Manila"]
[Date "1992.??.??"]
[Round "?"]
[White "Kasparov, Garry"]
[Black "Nikolic, Predrag"]
[Result "1-0"]
[WhiteElo "2780"]
[BlackElo "2635"]
[PlyCount "73"]
[EventDate "1992.06.??"]
[Source "ChessBase"]
[WhiteTeamCountry "URS"]
[BlackTeamCountry "URS"]

1. d4 d5 2. c4 c6 3. Nc3 e5 4. dxe5 d4 5. Ne4 Qa5+ 6. Bd2 Qxe5 7. Ng3 Qd6 8.
Nf3 Nf6 9. Qc2 Be7 10. O-O-O O-O 11. e3 dxe3 12. fxe3 Qc7 13. Bc3 Bg4 14. Bd3
Nbd7 15. Bf5 Bxf5 16. Nxf5 Rfe8 17. Nxg7 Kxg7 18. Qf5 Nf8 19. h4 h6 20. g4 Qc8
21. Qxc8 Raxc8 22. g5 N8h7 23. e4 Rcd8 24. Rdf1 Kf8 25. gxf6 Bxf6 26. e5 Bg7
27. Rhg1 c5 28. Kc2 Re6 29. Rg4 Bh8 30. b4 b6 31. bxc5 bxc5 32. Rb1 Ra6 33. Rb2
Bg7 34. Rb7 Rxa2+ 35. Kb3 Ra6 36. e6 Rxe6 37. Rxg7 1-0

[Event "EU-chT (Men)"]
[Site "Debrecen"]
[Date "1992.??.??"]
[Round "9"]
[White "Giorgadze, Giorgi"]
[Black "Kasparov, Garry"]
[Result "1/2-1/2"]
[WhiteElo "2525"]
[BlackElo "2780"]
[PlyCount "63"]
[EventDate "1992.11.??"]
[Source "ChessBase"]
[WhiteTeamCountry "URS"]
[BlackTeamCountry "URS"]

1. d4 Nf6 2. c4 e6 3. Nc3 Bb4 4. e3 c5 5. Nge2 cxd4 6. exd4 O-O 7. a3 Be7 8.
Nf4 d6 9. Be2 Re8 10. O-O Bf8 11. Be3 g6 12. Rc1 a6 13. c5 Bg7 14. Na4 Nc6 15.
Nb6 Rb8 16. b4 d5 17. Qb3 g5 18. Nh3 h6 19. Rcd1 e5 20. dxe5 Nxe5 21. Nxc8 Qxc8
22. Rfe1 Re7 23. Bf1 Qc7 24. Bd4 Rbe8 25. Bxe5 Rxe5 26. Rxe5 Qxe5 27. f3 g4 28.
Nf2 g3 29. hxg3 Qxg3 30. Qd3 h5 31. Qf5 Re6 32. Nh1 1/2-1/2

[Event "Linares 12th"]
[Site "Linares"]
[Date "1994.??.??"]
[Round "8"]
[White "Shirov, Alexei"]
[Black "Kasparov, Garry"]
[Result "1/2-1/2"]
[WhiteElo "2705"]
[BlackElo "2805"]
[PlyCount "58"]
[EventDate "1994.02.??"]
[Source "ChessBase"]
[WhiteTeamCountry "URS"]
[BlackTeamCountry "URS"]

1. e4 c5 2. Nf3 d6 3. Bb5+ Nd7 4. O-O Ngf6 5. Re1 a6 6. Bf1 b6 7. d4 cxd4 8.
Nxd4 Bb7 9. f3 e6 10. a4 Be7 11. a5 b5 12. c4 bxc4 13. Bxc4 O-O 14. Nc3 Ne5 15.
Bf1 Qc7 16. Be3 d5 17. exd5 Nxd5 18. Nxd5 Bxd5 19. Nf5 Bb4 20. Bb6 Qb8 21. Qd4
Bxe1 22. Rxe1 exf5 23. Qxd5 Re8 24. Rc1 Re6 25. b4 h5 26. Bc7 Qa7+ 27. Bb6 Qb8
28. Bc7 Qa7+ 29. Bb6 Qb8 1/2-1/2

[Event "Euwe mem"]
[Site "Amsterdam"]
[Date "1995.05.16"]
[Round "4"]
[White "Kasparov, Garry"]
[Black "Lautier, Joel"]
[Result "0-1"]
[WhiteElo "2805"]
[BlackElo "2655"]
[PlyCount "62"]
[EventDate "1995.05.??"]
[Source "ChessBase"]
[WhiteTeamCountry "URS"]
[BlackTeamCountry "URS"]

1. e4 c5 2. Nf3 e6 3. d4 cxd4 4. Nxd4 Nc6 5. Nc3 Qc7 6. Be3 a6 7. Bd3 Nf6 8.
O-O Ne5 9. h3 Bc5 10. Kh1 d6 11. f4 Ned7 12. a3 b5 13. Bxb5 axb5 14. Ndxb5 Qb6
15. Bxc5 dxc5 16. Nd6+ Ke7 17. Nxc8+ Rhxc8 18. e5 Ne8 19. Qh5 h6 20. Rae1 f5
21. Rf3 c4 22. g4 fxg4 23. Qxg4 Ra5 24. Ne4 Qc6 25. Nd6 Nxd6 26. exd6+ Kf8 27.
Rg1 g5 28. Rgg3 Rf5 29. Qh5 Nf6 30. Qxh6+ Kf7 31. Kg1 Rg8 0-1

[Event "Novgorod"]
[Site "Novgorod"]
[Date "1995.06.05"]
[Round "9"]
[White "Kasparov, Garry"]
[Black "Timman, Jan H"]
[Result "1/2-1/2"]
[WhiteElo "2805"]
[BlackElo "2635"]
[PlyCount "65"]
[EventDate "1995.05.??"]
[Source "ChessBase"]
[WhiteTeamCountry "URS"]
[BlackTeamCountry "URS"]

1. d4 Nf6 2. c4 e6 3. Nc3 Bb4 4. Qc2 d5 5. cxd5 exd5 6. Bg5 h6 7. Bh4 c5 8.
dxc5 g5 9. Bg3 Ne4 10. e3 Qa5 11. Nge2 Nc6 12. a3 Bf5 13. Qc1 Nxc5 14. axb4
Nd3+ 15. Kd2 Qxb4 16. Ra4 Nxc1 17. Rxb4 Nxe2 18. Rxb7 Nxg3 19. hxg3 d4 20. exd4
Nxd4 21. Nd5 Rd8 22. Bc4 O-O 23. Kc3 Ne2+ 24. Kb4 Nd4 25. Ne7+ Kg7 26. Rxa7
Rb8+ 27. Kc5 Ne6+ 28. Bxe6 Bxe6 29. b4 Rfd8 30. Re1 Kf6 31. Rh1 Kg7 32. Re1 Kf6
33. Rh1 1/2-1/2

[Event "EUCup final"]
[Site "Ljubljana"]
[Date "1995.11.30"]
[Round "1"]
[White "Yudasin, Leonid"]
[Black "Kasparov, Garry"]
[Result "0-1"]
[WhiteElo "2630"]
[BlackElo "2795"]
[PlyCount "66"]
[EventDate "1995.11.??"]
[Source "ChessBase"]
[WhiteTeamCountry "URS"]
[BlackTeamCountry "URS"]

1. e4 c5 2. Nf3 d6 3. Bb5+ Nd7 4. d4 Ngf6 5. Nc3 cxd4 6. Qxd4 e5 7. Qd3 h6 8.
Nd2 Be7 9. Nc4 O-O 10. Bxd7 Bxd7 11. Nxd6 Qc7 12. Nf5 Bxf5 13. exf5 e4 14. Nxe4
Qe5 15. f3 Rad8 16. Qc3 Qxf5 17. O-O Nxe4 18. fxe4 Qxe4 19. Be3 a6 20. Rf4 Qg6
21. Rf2 Bh4 22. g3 Bf6 23. Qb4 Rfe8 24. Bb6 Rd5 25. a4 h5 26. Qb3 Rde5 27. Raf1
h4 28. Kh1 Re1 29. a5 h3 30. Qf3 Rxf1+ 31. Rxf1 Qxc2 32. Qxb7 Re4 33. Rg1 Re2
0-1

[Event "BGN World Chess Championship"]
[Site "London"]
[Date "2000.10.22"]
[Round "9"]
[White "Kasparov, Garry"]
[Black "Kramnik, Vladimir"]
[Result "1/2-1/2"]
[WhiteElo "2849"]
[BlackElo "2770"]
[PlyCount "65"]
[EventDate "2000.10.08"]
[Source "ChessBase"]
[SourceDate "2001.01.25"]
[WhiteTeamCountry "URS"]
[BlackTeamCountry "URS"]

1. e4 e5 2. Nf3 Nc6 3. Bb5 Nf6 4. O-O Nxe4 5. d4 Nd6 6. Bxc6 dxc6 7. dxe5 Nf5
8. Qxd8+ Kxd8 9. Nc3 h6 10. Rd1+ Ke8 11. h3 a5 12. Bf4 Be6 13. g4 Ne7 14. Nd4
Nd5 15. Nce2 Bc5 16. Nxe6 fxe6 17. c4 Nb6 18. b3 a4 19. Bd2 Kf7 20. Bc3 Rhd8
21. Rxd8 Rxd8 22. Kg2 Rd3 23. Rc1 g5 24. Rc2 axb3 25. axb3 Nd7 26. Ra2 Be7 27.
Ra7 Nc5 28. f3 Nxb3 29. Rxb7 Nc1 30. Nxc1 Rxc3 31. Ne2 Rc2 32. Kf1 Rxc4 33.
Rxc7 1/2-1/2